names - Statistics

General Stats
  • This quiz has been taken 11 times
    8 since last reset
  • The average score is 82 of 500
Answer Stats
Answer % Correct
Aaron
75%
Abby
75%
Al
75%
John
75%
Jose
75%
Joseph
75%
Abdul
50%
Abel
50%
Alan
50%
Alec
50%
Alex
50%
Alexa
50%
Alexander
50%
Allen
50%
Andrew
50%
Avery
50%
Bo
50%
Bob
50%
Dennis
50%
Jack
50%
Jackson
50%
Joe
50%
Johnny
50%
Jon
50%
Josephine
50%
Leo
50%
Leon
50%
Leonard
50%
Leonardo
50%
Nico
50%
Olivia
50%
Paul
50%
Pete
50%
Quincy
50%
Quinn
50%
Rob
50%
Robert
50%
Sarah
50%
Victor
50%
Xander
50%
Xavier
50%
Zach
50%
Zoe
50%
Zoey
50%
Abelo
25%
Abraham
25%
Adam
25%
Adrian
25%
Ahmed
25%
Albert
25%
Aleksandr
25%
Alexis
25%
Alfred
25%
Alice
25%
Alvin
25%
Amanda
25%
Amelia
25%
Amy
25%
Andy
25%
Anne
25%
Anthony
25%
Asher
25%
Ashley
25%
Ava
25%
Barbara
25%
Ben
25%
Benjamin
25%
Benji
25%
Bennet
25%
Benny
25%
Beverly
25%
Bill
25%
Bobby
25%
Brady
25%
Brandon
25%
Brian
25%
Brittany
25%
Bronson
25%
Bryan
25%
Caleb
25%
Cameron
25%
Carl
25%
Carlos
25%
Carter
25%
Catherine
25%
Charles
25%
Charlie
25%
Charlotte
25%
Chris
25%
Christopher
25%
Claire
25%
Clay
25%
Cody
25%
Colby
25%
Cole
25%
Colin
25%
Corey
25%
Cory
25%
Cynthia
25%
Dan
25%
Daniel
25%
Danny
25%
Deborah
25%
Denis
25%
Denny
25%
Diana
25%
Diane
25%
Donald
25%
Dustin
25%
Dwayne
25%
Ed
25%
Edward
25%
Eli
25%
Elias
25%
Elijah
25%
Elizabeth
25%
Emily
25%
Emma
25%
Emme
25%
Eric
25%
Ernest
25%
Esme
25%
Ethan
25%
Evan
25%
Eve
25%
Francesco
25%
Francis
25%
Frank
25%
Franklin
25%
Fred
25%
Frederick
25%
Gabe
25%
Gavin
25%
Geoff
25%
Geoffrey
25%
George
25%
Greg
25%
Gregory
25%
Hank
25%
Harold
25%
Harper
25%
Harris
25%
Harrison
25%
Harry
25%
Henry
25%
Ian
25%
Isaac
25%
Izzy
25%
Jacob
25%
Jacques
25%
Jade
25%
James
25%
Jared
25%
Jason
25%
Javier
25%
Jay
25%
Jeff
25%
Jeffrey
25%
Jenna
25%
Jennie
25%
Jennifer
25%
Jeremy
25%
Jesse
25%
Jessie
25%
Jesus
25%
Jim
25%
Jimmy
25%
Joel
25%
Jonah
25%
Jonathan
25%
Josh
25%
Joshua
25%
Josiah
25%
Justin
25%
Kaley
25%
Karen
25%
Karl
25%
Karla
25%
Katrina
25%
Kevin
25%
Kieran
25%
Kim
25%
King
25%
Kyle
25%
Lauren
25%
Levi
25%
Linda
25%
Liv
25%
Logan
25%
Luca
25%
Lucas
25%
Luke
25%
Mandy
25%
Marc
25%
Marcus
25%
Maria
25%
Marina
25%
Mark
25%
Mary
25%
Mateo
25%
Matt
25%
Matthew
25%
Maverick
25%
Max
25%
Maxine
25%
Maxwell
25%
Megan
25%
Melissa
25%
Michael
25%
Mike
25%
Mikel
25%
Mikey
25%
Miles
25%
Mina
25%
Nancy
25%
Natalia
25%
Natalie
25%
Nate
25%
Nathan
25%
Nathaniel
25%
Nicholas
25%
Nick
25%
Nicole
25%
Niko
25%
Noah
25%
Olive
25%
Oliver
25%
Ollie
25%
Owen
25%
Pablo
25%
Parker
25%
Patricia
25%
Patrick
25%
Pedro
25%
Penelope
25%
Penny
25%
Peter
25%
Quillan
25%
Quinton
25%
Rachel
25%
Ray
25%
Reese
25%
River
25%
Roberto
25%
Rose
25%
Ryan
25%
Sal
25%
Sally
25%
Sam
25%
Samuel
25%
Sandra
25%
Sean
25%
Sebastian
25%
Shawn
25%
Sophia
25%
Sophie
25%
Stephanie
25%
Stephen
25%
Steve
25%
Steven
25%
Susan
25%
Tay
25%
Theo
25%
Theodore
25%
Thomas
25%
Tim
25%
Timothy
25%
Tom
25%
Trent
25%
Ty
25%
Tyler
25%
Victoria
25%
Vinny
25%
Will
25%
William
25%
Zion
25%
Adolf
0%
Allison
0%
Amir
0%
Anderson
0%
Annabeth
0%
Annie
0%
Antoine
0%
Antonio
0%
Arlo
0%
Arnold
0%
Arthur
0%
Austin
0%
Beatrice
0%
Benedict
0%
Benson
0%
Betty
0%
Billy
0%
Blake
0%
Blaze
0%
Boden
0%
Braxton
0%
Brayden
0%
Brendan
0%
Brock
0%
Brooklyn
0%
Bruce
0%
Caesar
0%
Caley
0%
Carmen
0%
Cate
0%
Caylee
0%
Chad
0%
Chase
0%
Chuck
0%
Clayton
0%
Coby
0%
Connor
0%
Conor
0%
Craig
0%
Curtis
0%
Daisy
0%
Darryl
0%
Dave
0%
David
0%
Davis
0%
Demetrious
0%
Diego
0%
Dillon
0%
DJ
0%
Doug
0%
Drake
0%
Drew
0%
Dylan
0%
Earl
0%
Ella
0%
Elliot
0%
Ellis
0%
Eloise
0%
Emanuel
0%
Emmet
0%
Esmerelda
0%
Eugene
0%
Ezra
0%
Ferdenand
0%
Finn
0%
Garret
0%
Gary
0%
Genesis
0%
Gertrude
0%
Gina
0%
Gracie
0%
Graham
0%
Grant
0%
Grayson
0%
Greyson
0%
Griffin
0%
Gus
0%
Harvey
0%
Helen
0%
Howard
0%
Hubert
0%
Israel
0%
Iver
0%
Jake
0%
Jameson
0%
Jane
0%
Janet
0%
Janice
0%
Jasper
0%
Jax
0%
Jaxon
0%
Jeremiah
0%
Jerome
0%
Jerry
0%
Jett
0%
JJ
0%
Joey
0%
Johnson
0%
Jolene
0%
Jorge
0%
Juan
0%
Julia
0%
Julio
0%
Kade
0%
Kaden
0%
Kai
0%
Kathryn
0%
Kaylee
0%
Keegan
0%
Ken
0%
Kendrick
0%
Kenneth
0%
Kenny
0%
Khalid
0%
Kimberley
0%
Kody
0%
Kris
0%
Kristen
0%
Lamar
0%
Lana
0%
Larry
0%
Lena
0%
Lenny
0%
Lewis
0%
Liam
0%
Lily
0%
Lisa
0%
Lou
0%
Louis
0%
Lucy
0%
Lukas
0%
Mack
0%
Manny
0%
Marshall
0%
Marylin
0%
Mason
0%
Matilda
0%
Micah
0%
MIchelle
0%
Ming
0%
Mohamed
0%
Monet
0%
Muhammed
0%
Ned
0%
Neil
0%
Nicolo
0%
Nikola
0%
Omar
0%
Otis
0%
Paxton
0%
Percy
0%
Peyton
0%
Phil
0%
Philip
0%
Pierre
0%
Priya
0%
Raj
0%
Randall
0%
Randy
0%
Rebecca
0%
Reeve
0%
Reginald
0%
Richard
0%
Riley
0%
Rocco
0%
Ronald
0%
Ronan
0%
Rowan
0%
Roy
0%
Royce
0%
Ruby
0%
Salish
0%
Sammy
0%
Sasha
0%
Scott
0%
Sergei
0%
Shannon
0%
Shaun
0%
Sherman
0%
Simon
0%
Skylar
0%
Skyler
0%
Smith
0%
Song
0%
Stan
0%
Stanley
0%
Stefano
0%
Stevie
0%
Stewart
0%
Teddy
0%
Tiffany
0%
Tobias
0%
Toby
0%
Tomas
0%
Tracy
0%
Travis
0%
Trevor
0%
Tristen
0%
Troy
0%
Usain
0%
Vince
0%
Vincent
0%
Vincenzo
0%
Violet
0%
Vlad
0%
Vladimir
0%
Waldo
0%
Wallace
0%
Walter
0%
Wayne
0%
Wilhelm
0%
Willa
0%
Willis
0%
Willow
0%
Wu
0%
Zachary
0%
Zaid
0%
Zak
0%
Zhang
0%
Ziggy
0%
No matching quizzes found
Score Distribution
Percent of People with Each Score
Percentile by Number Answered
Your Score History
You have not taken this quiz since the last reset